Návrh postupu uplatňovania princípov racionalizácie v malých a stredných podnikoch strojárskeho priemyslu v Slovenskej republike
Uložené v:
| Hlavný autor: | |
|---|---|
| Ďalší autori: | |
| Médium: | Rukopis Kniha |
| Jazyk: | Slovak |
| Vydavateľské údaje: |
2025
|
| Predmet: | |
| On-line prístup: | http://is.stuba.sk/zp/portal_zp.pl?podrobnosti=179871 |
| Tagy: |
Žiadne tagy, Buďte prvý, kto otaguje tento záznam!
|
MARC
| LEADER | 00000ntm a22000003a 4500 | ||
|---|---|---|---|
| 001 | stuzp103901 | ||
| 003 | SK-STU | ||
| 005 | 20250628211005.2 | ||
| 007 | ta | ||
| 008 | 150427s2015----xo-----f-mn---000-0-slo-d | ||
| 040 | |a STU |b slo | ||
| 041 | 0 | |a slo | |
| 100 | 1 | |a Zaitseva, Polina |u 064000 |4 aut |U MTF Materiálovotechnologická fakulta |T MTF Ústav priemyselného inžinierstva a manažmentu |X 123476 |U M4000 |Y 84 |7 123476 | |
| 242 | 0 | 1 | |a Proposal for procedure for applying rationalization principles in small and medium-sized enterprises in the mechanical engineering industry in the Slovak Republic |y eng |
| 245 | 1 | 0 | |a Návrh postupu uplatňovania princípov racionalizácie v malých a stredných podnikoch strojárskeho priemyslu v Slovenskej republike |
| 260 | |c 2025 | ||
| 650 | 4 | |a práca a človek |2 slo | |
| 650 | 4 | |a ergonomické zásady |2 slo | |
| 650 | 4 | |a pracovné prostredie |2 slo | |
| 650 | 4 | |a work and human |2 eng | |
| 650 | 4 | |a ergonomic principles |2 eng | |
| 650 | 4 | |a working environment |2 eng | |
| 700 | 1 | |a Marková, Petra |u 064000 |k Z1 |4 ths |U MTF Materiálovotechnologická fakulta |T MTF Ústav priemyselného inžinierstva a manažmentu |X 27920 |U M4000 |Y 84 |7 A000027920 | |
| 856 | 4 | |u http://is.stuba.sk/zp/portal_zp.pl?podrobnosti=179871 | |
| 996 | |c M* BP-10055 |l MMSKP |s P |a 0 |w stuzp103901_0001 | ||